| 000 | 00471nam a22001577a 4500 | ||
|---|---|---|---|
| 082 |
_a620.1 _bGUN _cL-5, P-49 |
||
| 100 |
_aGunder, Dwight F _940553 |
||
| 245 |
_aEngineering mechanics _cDwight F. Gunder |
||
| 260 |
_aNew York _bJohn Wiley & Sons, Inc _c1959 |
||
| 300 | _axi, 391 p. : | ||
| 526 |
_a0 _b0 _c0 _d620_100000000000000_GUN |
||
| 526 |
_a0 _b0 _c0 _d620_100000000000000_GUN |
||
| 526 |
_a0 _b0 _c0 _d620_100000000000000_GUN |
||
| 650 |
_aMCE _9379 |
||
| 942 |
_2ddc _cBK |
||
| 999 |
_c544816 _d544816 |
||